Frankreich in Bildern - Statistiken

Allgemein
  • Dieses Quiz wurde 282 mal gespielt
  • Das Durchschnittsergebnis liegt bei 8 aus 12
Antwortstatistiken
Bildquiz Antwort % Korrekt
Eiffelturm
100%
Baguette
95%
Louvre
95%
Notre Dame
84%
Champagner
81%
Macaron
76%
Chanel
61%
Arc de Triomphe
53%
Versailles
48%
Charles de Gaulle
35%
Normandy
20%
Pont d’Avignon
12%
Keine übereinstimmenden Quizze gefunden
Verteilung der Resultate
Anzahl Personen mit jedem Resultat
Perzentil nach korrekt beantworteten Fragen
Ihre Resultats-Entwicklung
Sie haben dieses Quiz noch nicht gespielt